[Event "Nordic Chess Championship 2019"]
[Site "Quality Sarpsborg Hotel"]
[Date "2019.06.24"]
[Round "5"]
[White "Rydström, Tom"]
[Black "Ingebretsen, Jens E"]
[Result "0-1"]
[WhiteElo "2370"]
[BlackElo "2263"]
[PlyCount "88"]
[EventDate "2019.??.??"]

1. e4 e6 2. d4 d5 3. Nc3 Bb4 4. e5 c5 5. a3 Bxc3+ 6. bxc3 Ne7 7. Qg4 Kf8 8. Nf3
Qa5 9. Bd2 Qa4 10. Bd3 c4 11. Be2 Qxc2 12. O-O Nbc6 13. Rac1 Qf5 14. Qh4 Ng6
15. Qg3 Na5 16. Bd1 Nb3 17. Rc2 Qd3 18. Be3 Bd7 19. h4 Ne7 20. Qf4 Ba4 21. Re2
h6 22. h5 b5 23. g4 a5 24. g5 hxg5 25. Nxg5 Nf5 26. Rfe1 Qxc3 27. Bc2 Nbxd4 28.
Bxf5 Nxf5 29. Bc5+ Ke8 30. Rc1 Qb3 31. Re3 Qb2 32. Ree1 Rc8 33. Rb1 Qc2 34. Be3
Rxh5 35. Qf3 Rh6 36. Qg4 Rg6 37. Bf4 Qd3 38. Kg2 Kd7 39. Rb2 c3 40. Rbe2 c2 41.
Rd2 Qc4 42. f3 Rh8 43. Re4 c1=Q 44. Rxd5+ Qxd5
0-1

[Event "Nordic Chess Championship 2019"]
[Site "Quality Sarpsborg Hotel"]
[Date "2019.06.24"]
[Round "5"]
[White "Vestby-Ellingsen, Mads"]
[Black "Kvaløy, Aksel Bu"]
[Result "1-0"]
[WhiteElo "2345"]
[BlackElo "2138"]
[PlyCount "77"]
[EventDate "2019.??.??"]

1. d4 d5 2. c4 e6 3. Nc3 Bb4 4. a3 Bxc3+ 5. bxc3 Nf6 6. e3 c6 7. Bd3 O-O 8.
cxd5 cxd5 9. Nf3 b6 10. Qe2 Ne4 11. Bb2 Nc6 12. O-O Na5 13. Bxe4 dxe4 14. Nd2
Bb7 15. f3 exf3 16. gxf3 Qg5+ 17. Kh1 b5 18. Rg1 Qh5 19. Rg3 Nc4 20. Nxc4 bxc4
21. Rag1 Kh8 22. e4 f5 23. Rg5 Qh4 24. Rxg7 Rab8 25. Qg2 fxe4 26. Rc7 Rg8 27.
Rxb7 exf3 28. Qxf3 Rxg1+ 29. Kxg1 Qg5+ 30. Kf1 Rg8 31. Ke2 e5 32. Bc1 Qh4 33.
Be3 e4 34. Qf2 Qg4+ 35. Kd2 Qe6 36. d5 Qxd5+ 37. Bd4+ Rg7 38. Qf8+ Qg8 39.
Bxg7#
1-0

[Event "Nordic Chess Championship 2019"]
[Site "Quality Sarpsborg Hotel"]
[Date "2019.06.24"]
[Round "5"]
[White "Cederstam Barsk, Carl"]
[Black "Tunge, Christian"]
[Result "1-0"]
[WhiteElo "2334"]
[BlackElo "2027"]
[PlyCount "103"]
[EventDate "2019.??.??"]

1. Nf3 c5 2. c4 Nf6 3. Nc3 g6 4. d4 Bg7 5. e4 O-O 6. Be2 cxd4 7. Nxd4 Nc6 8.
Be3 d6 9. O-O Bd7 10. Nb3 a5 11. Nd2 Bc8 12. f4 Nd7 13. Nf3 Nc5 14. e5 Bf5 15.
Nh4 Ne4 16. Nxf5 Nxc3 17. bxc3 gxf5 18. Qc2 dxe5 19. Qxf5 e6 20. Qh5 f5 21.
Rab1 Rf7 22. fxe5 Bxe5 23. Bf3 Qf6 24. Rxb7 Rxb7 25. Bxc6 Rbb8 26. Bxa8 Rxa8
27. Rd1 Rd8 28. Rd7 Rxd7 29. Qe8+ Qf8 30. Qxd7 Qd6 31. Qxd6 Bxd6 32. Bb6 Kf7
33. Bxa5 Ke8 34. h3 Kd7 35. Bb4 Be5 36. Kf2 Kc6 37. Ke3 Bg3 38. Kf3 Be5 39. g4
Kb6 40. a4 Kc6 41. gxf5 exf5 42. Ke3 Kb6 43. Kd3 Kc6 44. Be7 Bc7 45. Kd4 Ba5
46. Ke5 Bxc3+ 47. Kxf5 Kd7 48. Bf6 Bb4 49. Bd4 Ke7 50. Bb6 Kd7 51. h4 Kc6 52.
Bd4
1-0

[Event "Nordic Chess Championship 2019"]
[Site "Quality Sarpsborg Hotel"]
[Date "2019.06.24"]
[Round "5"]
[White "Dingertz, Filip"]
[Black "Hanebuth, Katja"]
[Result "0-1"]
[WhiteElo "1111"]
[BlackElo "1463"]
[PlyCount "94"]
[EventDate "2019.??.??"]

1. e4 d5 2. exd5 Qxd5 3. Nc3 Qd6 4. Nf3 a6 5. d4 Nf6 6. Bc4 e6 7. O-O Be7 8.
Re1 b5 9. Bb3 O-O 10. d5 b4 11. Ne4 Nxe4 12. Rxe4 Bf6 13. Rb1 Bb7 14. Bf4 Qb6
15. Re1 exd5 16. Bxd5 c6 17. Be4 c5 18. Bxb7 Qxb7 19. a3 a5 20. axb4 axb4 21.
Qd3 Qd7 22. Qc4 Na6 23. Be5 Qe6 24. Qd3 Rfd8 25. Bxf6 Qxf6 26. Qe3 g6 27. h3
Qd6 28. Rbd1 Qf8 29. Rxd8 Rxd8 30. Qe2 Nc7 31. c3 Re8 32. Qd2 Rxe1+ 33. Qxe1
Ne6 34. cxb4 cxb4 35. Qd2 Kg7 36. Nd4 Nxd4 37. Qxd4+ Kg8 38. g3 Qb8 39. Kg2
Qb7+ 40. Kg1 Qe7 41. Kg2 b3 42. Qf4 Kg7 43. Qd4+ Qf6 44. Qb4 Qxb2 45. Kf1 Qc1+
46. Kg2 b2 47. Qd4+ f6
0-1

[Event "Nordic Chess Championship 2019"]
[Site "Quality Sarpsborg Hotel"]
[Date "2019.06.24"]
[Round "5"]
[White "Asbjørnsen, Jakob"]
[Black "Kristiansen, Terje"]
[Result "1-0"]
[WhiteElo "1359"]
[BlackElo "1330"]
[PlyCount "53"]
[EventDate "2019.??.??"]

1. e4 c6 2. d4 d5 3. Nc3 dxe4 4. Nxe4 Nd7 5. Nf3 Ngf6 6. Ng3 Nb6 7. Bd2 e6 8.
Bd3 Be7 9. Qe2 Nbd5 10. a3 Qb6 11. O-O O-O 12. Rab1 c5 13. dxc5 Bxc5 14. b4 Be7
15. c4 Nc7 16. Be3 Qc6 17. Ne5 Qe8 18. Ng4 b6 19. Nxf6+ Bxf6 20. Qg4 e5 21. Qf3
Rb8 22. Nh5 Ne6 23. Nxf6+ gxf6 24. Qh5 Ng5 25. Bxg5 f5 26. Bf6 Qc6 27. Qg5#
1-0

[Event "Nordic Chess Championship 2019"]
[Site "Quality Sarpsborg Hotel"]
[Date "2019.06.24"]
[Round "6"]
[White "Westerberg, Jonathan"]
[Black "Hammer, Jon Ludvig"]
[Result "1/2-1/2"]
[WhiteElo "2545"]
[BlackElo "2645"]
[PlyCount "24"]
[EventDate "2019.??.??"]

1. e4 e6 2. d4 d5 3. exd5 exd5 4. Nf3 Nf6 5. Bd3 c5 6. dxc5 Bxc5 7. O-O O-O 8.
h3 Ne4 9. c4 Nc6 10. a3 Bf5 11. Qc2 Bg6 12. Nc3 Nxc3
1/2-1/2

[Event "Nordic Chess Championship 2019"]
[Site "Quality Sarpsborg Hotel"]
[Date "2019.06.24"]
[Round "6"]
[White "Chatalbashev, Boris"]
[Black "Vitenberg, Noam Aviv"]
[Result "1-0"]
[WhiteElo "2527"]
[BlackElo "2256"]
[PlyCount "203"]
[EventDate "2019.??.??"]

1. c4 e6 2. g3 d5 3. Bg2 Nf6 4. Nf3 dxc4 5. O-O Nbd7 6. Qc2 Nb6 7. a4 a5 8. Na3
Bxa3 9. Rxa3 O-O 10. d3 cxd3 11. Rxd3 Nbd5 12. Bd2 b6 13. Rd4 Bb7 14. Rh4 Ne7
15. Rd1 Ng6 16. Rc4 c5 17. Bg5 Qc7 18. Bxf6 gxf6 19. h4 Bd5 20. h5 Bxc4 21.
hxg6 Bd5 22. gxh7+ Kg7 23. Rd4 Bxf3 24. Bxf3 Rad8 25. Rh4 Qe5 26. Rh5 Qd4 27.
Kg2 Rh8 28. Rh4 Qe5 29. Rg4+ Kf8 30. Qb3 f5 31. Rh4 Rd4 32. Rxd4 cxd4 33. Qxb6
Kg7 34. b4 Rb8 35. Qxa5 Qxa5 36. bxa5 Rb4 37. Bc6 Rc4 38. Bb5 Rc7 39. Bd3 Ra7
40. a6 e5 41. Bxf5 Rxa6 42. Bc2 Rc6 43. Bd3 Rc5 44. Kf3 Ra5 45. Bb5 Kxh7 46.
Ke4 f6 47. f4 exf4 48. gxf4 Kg6 49. Be8+ Kh6 50. Kxd4 f5 51. Kc4 Ra7 52. Bc6
Kh5 53. Bf3+ Kh4 54. Kb5 Kg3 55. a5 Kxf4 56. a6 Rg7 57. Kb6 Ke3 58. a7 Rg8 59.
Kc5 f4 60. Kd6 Rg6+ 61. Kc7 Rg7+ 62. Kb6 Rg6+ 63. Kb5 Rg8 64. Kc4 Rc8+ 65. Kb4
Rg8 66. Kc3 Rd8 67. Kc2 Rg8 68. Bd5 Rd8 69. Bf3 Rg8 70. Kc1 Rg1+ 71. Kb2 Rg8
72. Kb3 Rc8 73. Kb4 Rg8 74. Kc5 Rf8 75. Bg4 Rg8 76. Kb6 Rg6+ 77. Ka5 Rg5+ 78.
Kb4 Rg8 79. Bf3 Rf8 80. Kc4 Rc8+ 81. Kb5 Rg8 82. Bh5 Rh8 83. Bg4 Rg8 84. Kb6
Rg6+ 85. Kc7 Rg7+ 86. Bd7 Rg8 87. Bc8 Rg7+ 88. Bd7 Rg8 89. Bg4 Rg7+ 90. Kb6
Rg6+ 91. Kb5 Rg5+ 92. Kb4 Rg8 93. Bf3 Rc8 94. Kb3 Rd8 95. Kc2 Rg8 96. Kb2 Rc8
97. Ka3 Rg8 98. Ka4 Rf8 99. Kb4 Rg8 100. Kc5 Rg5+ 101. Bd5 f3 102. exf3
1-0

[Event "Nordic Chess Championship 2019"]
[Site "Quality Sarpsborg Hotel"]
[Date "2019.06.24"]
[Round "6"]
[White "Urkedal, Frode Olav Olsen"]
[Black "Gretarsson, Helgi Ass"]
[Result "1-0"]
[WhiteElo "2525"]
[BlackElo "2433"]
[PlyCount "115"]
[EventDate "2019.??.??"]

1. d4 d5 2. c4 c6 3. Nf3 Nf6 4. Nc3 dxc4 5. a4 Bf5 6. e3 e6 7. Bxc4 Bb4 8. O-O
O-O 9. Nh4 Nbd7 10. h3 Bg6 11. Nxg6 hxg6 12. Qc2 a5 13. Rd1 Qc7 14. Ba2 Rfe8
15. Kh1 Rac8 16. e4 c5 17. d5 exd5 18. Nxd5 Nxd5 19. Bxd5 Nf6 20. Qc4 Rb8 21.
Bg5 Nxd5 22. exd5 b5 23. axb5 Qd7 24. d6 Re6 25. Be7 Rxb5 26. Rd3 Rb7 27. Rad1
a4 28. Re3 Rxe3 29. fxe3 Qe8 30. Qa6 Rxe7 31. dxe7 Qxe7 32. Qc8+ Kh7 33. Rd8 g5
34. Rh8+ Kg6 35. Qa6+ Qe6 36. Qxe6+ fxe6 37. Ra8 Bd2 38. Rxa4 Bxe3 39. Re4 Bd4
40. Rxe6+ Kf5 41. Re2 g4 42. hxg4+ Kf4 43. Kh2 g5 44. Kh3 Be3 45. b3 Ke4 46.
Rc2 Kd3 47. Rc4 Bf2 48. Kh2 Kd2 49. b4 cxb4 50. Rxb4 Kd3 51. Rb5 Be3 52. Kg3
Ke4 53. Rf5 Bd2 54. Kf2 Be3+ 55. Ke2 Bf4 56. Ra5 Be5 57. Ra4+ Bd4 58. Rb4
1-0

[Event "Nordic Chess Championship 2019"]
[Site "Quality Sarpsborg Hotel"]
[Date "2019.06.24"]
[Round "6"]
[White "Ingebretsen, Jens E"]
[Black "Notkevich, Benjamin Arvola"]
[Result "1-0"]
[WhiteElo "2263"]
[BlackElo "2485"]
[PlyCount "97"]
[EventDate "2019.??.??"]

1. c4 e6 2. g3 Nf6 3. Bg2 d5 4. Nf3 dxc4 5. Qa4+ Bd7 6. Qxc4 c5 7. Ne5 Qc8 8.
Nxd7 Qxd7 9. O-O Nc6 10. d3 Be7 11. Nc3 O-O 12. Qa4 Rac8 13. Be3 Rfd8 14. Rfc1
h6 15. a3 a6 16. Ne4 Nxe4 17. Bxe4 Ne5 18. Qxd7 Rxd7 19. h3 f5 20. Bg2 Rdc7 21.
Rc2 b5 22. Rac1 a5 23. d4 Nc4 24. Bf4 Rd7 25. a4 Rxd4 26. axb5 Nb6 27. Bb7 Rcd8
28. Bc6 Rd1+ 29. Kg2 Rxc1 30. Rxc1 Bg5 31. Bc7 Rc8 32. Bxb6 Bxc1 33. Bd7 Rf8
34. Bxe6+ Kh8 35. Bc7 Re8 36. Bxf5 a4 37. b6 Rxe2 38. b7 Rxb2 39. b8=Q+ Rxb8
40. Bxb8 c4 41. Be5 Bd2 42. Kf3 a3 43. Ke2 c3 44. Be6 h5 45. Bb3 Kh7 46. Bd6
Bc1 47. Kd1 Bb2 48. Kc2 Kg6 49. Be5
1-0

[Event "Nordic Chess Championship 2019"]
[Site "Quality Sarpsborg Hotel"]
[Date "2019.06.24"]
[Round "6"]
[White "Dragicevic, Drazen"]
[Black "Hobber, Anders"]
[Result "1-0"]
[WhiteElo "2359"]
[BlackElo "2282"]
[PlyCount "135"]
[EventDate "2019.??.??"]

1. Nf3 d5 2. g3 c6 3. Bg2 Bg4 4. h3 Bh5 5. O-O e6 6. d3 Nf6 7. Qe1 Be7 8. e4
O-O 9. Nh2 Bg6 10. e5 Nfd7 11. f4 Qb6+ 12. Kh1 f6 13. exf6 Bxf6 14. Nd2 Qc5 15.
c3 Qd6 16. Qe2 Na6 17. Ng4 Nac5 18. d4 Nd3 19. Rf3 Nxc1 20. Rxc1 c5 21. Re3
Rae8 22. dxc5 Nxc5 23. Re1 Bf7 24. Nf3 Bg6 25. Nd2 Kf7 26. Nf3 Kg8 27. Kh2 Be4
28. Nf2 Bf5 29. Nd4 Bxd4 30. cxd4 Nd7 31. Kg1 Nf6 32. Re5 Nd7 33. Re3 Nf6 34.
Re5 Nd7 35. g4 Be4 36. Nxe4 dxe4 37. Rxe4 Rxf4 38. Rxe6 Qxd4+ 39. Kh1 Rxe6 40.
Qxe6+ Kh8 41. Bd5 Rf8 42. Qxd7 Qd3 43. g5 Rf1+ 44. Rxf1 Qxf1+ 45. Kh2 Qf4+ 46.
Kg2 Qd2+ 47. Kf3 Qd1+ 48. Kf4 Qd2+ 49. Kf5 Qd3+ 50. Ke5 Qg3+ 51. Kd4 Qf2+ 52.
Kd3 Qf1+ 53. Kc3 Qc1+ 54. Kb3 Qd1+ 55. Ka3 Qd3+ 56. Ka4 Qa6+ 57. Kb4 Qb6+ 58.
Qb5 Qd4+ 59. Ka3 Qe3+ 60. Bb3 b6 61. Qb4 Qe8 62. Qd6 Qc8 63. Be6 Qa6+ 64. Kb3
Qb5+ 65. Kc3 Qa5+ 66. Kc2 Qa4+ 67. Kc1 Qe8 68. Qd7
1-0

[Event "Nordic Chess Championship 2019"]
[Site "Quality Sarpsborg Hotel"]
[Date "2019.06.24"]
[Round "6"]
[White "Fernandez, Juan Pablo"]
[Black "Jashari, Driton"]
[Result "1/2-1/2"]
[WhiteElo "2066"]
[BlackElo "1755"]
[PlyCount "42"]
[EventDate "2019.??.??"]

1. c4 c6 2. g3 Nf6 3. Nf3 e6 4. Bg2 d5 5. O-O Nbd7 6. Qc2 Be7 7. d4 Qc7 8. Bf4
Bd6 9. Bxd6 Qxd6 10. c5 Qe7 11. Nbd2 e5 12. e4 dxe4 13. Nxe5 O-O 14. Nxd7 Qxd7
15. Nxe4 Qxd4 16. Rad1 Qe5 17. Nd6 Rb8 18. Rfe1 Qh5 19. Nxc8 Rbxc8 20. Re7 Rcd8
21. Rd6 Rde8
1/2-1/2

[Event "Nordic Chess Championship 2019"]
[Site "Quality Sarpsborg Hotel"]
[Date "2019.06.24"]
[Round "6"]
[White "Schouten, Mathias Lind"]
[Black "Strand, Vetle Bjørge"]
[Result "1-0"]
[WhiteElo "1967"]
[BlackElo "1609"]
[PlyCount "165"]
[EventDate "2019.??.??"]

1. e4 e6 2. d4 d5 3. Nd2 Nf6 4. e5 Nfd7 5. Bd3 c5 6. c3 Nc6 7. Ne2 Be7 8. f4
cxd4 9. cxd4 Bh4+ 10. g3 Be7 11. O-O a6 12. Nf3 f5 13. Kh1 b5 14. Rg1 h5 15. h3
Nb6 16. Nh2 Bb7 17. g4 hxg4 18. hxg4 g6 19. a3 Na5 20. b3 Qd7 21. Bb2 O-O-O 22.
g5 Kb8 23. Kg2 Nac4 24. Bc1 Bxa3 25. Rxa3 Nxa3 26. Bxa3 Nc4 27. Bc1 Nb6 28. Nf3
Rh7 29. Rh1 Rdh8 30. Rxh7 Rxh7 31. Ba3 Nc8 32. Bc5 Rh8 33. b4 Qc6 34. Qc1 Qd7
35. Ng3 Rh7 36. Bf1 Rh8 37. Qa3 Qc6 38. Qa5 Rg8 39. Ng1 Rh8 40. Nh3 Rg8 41. Ne2
Rh8 42. Nc1 Ka8 43. Nb3 Na7 44. Qa2 Bc8 45. Qd2 Qd7 46. Bxa7 Kxa7 47. Nc5 Qc6
48. Qa2 Qb6 49. Kg3 Rh7 50. Bg2 Bb7 51. Ng1 Re7 52. Nf3 Rh7 53. Nh4 Rg7 54. Kf2
Ka8 55. Ke3 Ka7 56. Kd3 Ka8 57. Qa5 Qxa5 58. bxa5 Bc8 59. Kc3 Kb8 60. Kb3 Kc7
61. Nd3 Kc6 62. Nb4+ Kc7 63. Nxd5+ exd5 64. Bxd5 Bb7 65. Bxb7 Kxb7 66. d5 Kc7
67. Kb4 Kb7 68. Kc5 Rc7+ 69. Kd6 b4 70. Nf3 Kc8 71. Nd4 Rd7+ 72. Ke6 Rb7 73. d6
b3 74. d7+ Rxd7 75. Nxb3 Rd3 76. Nc5 Ra3 77. Kf6 Rxa5 78. Ne6 Ra1 79. Kxg6 a5
80. Kxf5 a4 81. g6 a3 82. g7 Rg1 83. Ng5
1-0

[Event "Nordic Chess Championship 2019"]
[Site "Quality Sarpsborg Hotel"]
[Date "2019.06.24"]
[Round "6"]
[White "Holand, Per Fredrik"]
[Black "Kro, Andreas Fuskeland"]
[Result "1/2-1/2"]
[WhiteElo "1883"]
[BlackElo "1565"]
[PlyCount "50"]
[EventDate "2019.??.??"]

1. e4 e6 2. d4 d5 3. Nc3 Nf6 4. Bg5 Be7 5. e5 Nfd7 6. h4 c5 7. Bxe7 Qxe7 8. Nb5
Kd8 9. Qg4 f6 10. O-O-O a6 11. Nd6 Nc6 12. f4 Nxd4 13. c3 Nc6 14. Nf3 Kc7 15.
Bd3 fxe5 16. fxe5 Ndxe5 17. Nxe5 Nxe5 18. Nxc8 Nxg4 19. Nxe7 Nf2 20. Rhf1 Nxd1
21. Kxd1 Kd7 22. Rf7 Ke8 23. Rxg7 Kf8 24. Nf5 exf5 25. Rxb7 Rg8
1/2-1/2

[Event "Nordic Chess Championship 2019"]
[Site "Quality Sarpsborg Hotel"]
[Date "2019.06.24"]
[Round "6"]
[White "Granholt, Morten"]
[Black "Dingertz, Filip"]
[Result "1-0"]
[WhiteElo "1478"]
[BlackElo "1111"]
[PlyCount "47"]
[EventDate "2019.??.??"]

1. d4 Nf6 2. Nf3 c6 3. c4 e6 4. g3 d5 5. Bg2 dxc4 6. O-O Qb6 7. Qc2 Bd6 8. Nbd2
O-O 9. Nxc4 Qc7 10. Bg5 Be7 11. Bf4 Qd7 12. Rfd1 b5 13. Nce5 Qd8 14. Ng5 h6 15.
Ne4 Nbd7 16. Nxc6 Qe8 17. Nd6 Bxd6 18. Bxd6 Nd5 19. Bxf8 Kxf8 20. e4 N5f6 21.
e5 Nd5 22. Qh7 Ne7 23. Nxe7 Kxe7 24. Bxa8
1-0

[Event "Nordic Chess Championship 2019"]
[Site "Quality Sarpsborg Hotel"]
[Date "2019.06.24"]
[Round "6"]
[White "Nordtug, Per Øistein"]
[Black "Blauhut, Anna"]
[Result "1-0"]
[WhiteElo "1456"]
[BlackElo "1156"]
[PlyCount "33"]
[EventDate "2019.??.??"]

1. c4 e6 2. Nc3 d5 3. cxd5 exd5 4. d4 Nf6 5. Bg5 Bb4 6. Nf3 Bxc3+ 7. bxc3 c6 8.
e3 h6 9. Bf4 Nbd7 10. Bd3 O-O 11. O-O b6 12. c4 Nh5 13. Be5 Nxe5 14. Nxe5 Nf6
15. Nxc6 Qd6 16. cxd5 Qxd5 17. Ne7+
1-0

[Event "Nordic Chess Championship 2019"]
[Site "Quality Sarpsborg Hotel"]
[Date "2019.06.25"]
[Round "7"]
[White "Kristiansen, Rune Harald"]
[Black "Fernandez, Juan Pablo"]
[Result "1/2-1/2"]
[WhiteElo "1849"]
[BlackElo "2066"]
[PlyCount "99"]
[EventDate "2019.??.??"]

1. d4 Nf6 2. Nf3 e6 3. Bg5 h6 4. Bh4 c5 5. e3 b6 6. c3 Bb7 7. Nbd2 Be7 8. Bd3
O-O 9. Bb1 d5 10. Bxf6 Bxf6 11. Qc2 Re8 12. Qh7+ Kf8 13. Bc2 Nd7 14. Ne5 Nxe5
15. dxe5 Bxe5 16. Ba4 Qc7 17. Bxe8 Rxe8 18. f4 Bf6 19. O-O d4 20. cxd4 cxd4 21.
Rac1 Qd7 22. e4 e5 23. fxe5 Rxe5 24. Rxf6 gxf6 25. Qxh6+ Ke7 26. Qf4 Rc5 27.
Rxc5 bxc5 28. h4 Qd6 29. Qxd6+ Kxd6 30. h5 Ke7 31. Kf2 Kf8 32. Kg3 c4 33. Nxc4
Bxe4 34. Nd2 Bd5 35. a3 Kg7 36. Nf3 Kh6 37. Nxd4 Kxh5 38. b4 Kg5 39. b5 f5 40.
Nc6 f4+ 41. Kf2 Kf6 42. Nxa7 Ke5 43. a4 Kd6 44. a5 Kc5 45. a6 Kb6 46. Nc8+ Kxb5
47. a7 Ka6 48. a8=Q+ Bxa8 49. Nd6 Bd5 50. Nxf7
1/2-1/2

[Event "Nordic Chess Championship 2019"]
[Site "Quality Sarpsborg Hotel"]
[Date "2019.06.25"]
[Round "7"]
[White "Høiom, Jonas"]
[Black "Granholt, Morten"]
[Result "0-1"]
[WhiteElo "1317"]
[BlackElo "1478"]
[PlyCount "94"]
[EventDate "2019.??.??"]

1. d4 Nf6 2. c4 g6 3. Nc3 Bg7 4. Nf3 d6 5. e4 O-O 6. Be2 e5 7. d5 Nbd7 8. O-O
h6 9. Be3 Ng4 10. Bd2 f5 11. h3 fxe4 12. Nxe4 Ngf6 13. Bd3 Nh5 14. Rb1 Nf4 15.
Bxf4 Rxf4 16. Ng3 Nf8 17. Qc2 Rxf3 18. gxf3 Bxh3 19. Rfe1 Qg5 20. Re2 h5 21.
Qd2 Qf6 22. Qe3 Nh7 23. Ne4 Qf7 24. Kh2 Bf5 25. Rg1 Qf8 26. Qd2 Bh6 27. Qc2 Kg7
28. Ng3 Bf4 29. Bxf5 gxf5 30. Kh1 Kh8 31. Qxf5 Qh6 32. Qxh5 Qf6 33. Ne4 Qf8 34.
Ng5 Bxg5 35. Rxg5 Qf4 36. Re4 Qxg5 37. Qh3 Rg8 38. Rg4 Qc1+ 39. Kg2 Rxg4+ 40.
fxg4 Qg5 41. Qf3 Nf6 42. Kh3 Kg7 43. Qg3 Ne4 44. Qf3 Qh6+ 45. Kg2 Ng5 46. Qf5
Qh3+ 47. Kg1 Nf3+
0-1

[Event "Nordic Chess Championship 2019"]
[Site "Quality Sarpsborg Hotel"]
[Date "2019.06.25"]
[Round "7"]
[White "Kristiansen, Terje"]
[Black "Blauhut, Anna"]
[Result "1-0"]
[WhiteElo "1330"]
[BlackElo "1156"]
[PlyCount "43"]
[EventDate "2019.??.??"]

1. d4 d5 2. Nf3 Nf6 3. Bf4 e6 4. e3 Be7 5. Nbd2 c6 6. c4 O-O 7. c5 Nbd7 8. Bd3
Re8 9. b4 a6 10. Ng5 h6 11. Ngf3 Nf8 12. Ne5 Bd7 13. Qf3 N8h7 14. e4 dxe4 15.
Nxe4 Nxe4 16. Bxe4 Ng5 17. Bxg5 Bxg5 18. Qxf7+ Kh8 19. Ng6+ Kh7 20. Ne5+ Kh8
21. O-O Re7 22. Ng6+
1-0

[Event "Nordic Chess Championship 2019"]
[Site "Quality Sarpsborg Hotel"]
[Date "2019.06.21"]
[Round "7"]
[White "Hammer, Jon Ludvig"]
[Black "Holm, Kristian Stuvik"]
[Result "1/2-1/2"]
[WhiteElo "2645"]
[BlackElo "2474"]
[PlyCount "43"]
[EventDate "2019.??.??"]

1. e4 e6 2. d4 d5 3. Nc3 Nf6 4. e5 Nfd7 5. f4 c5 6. Nf3 Nc6 7. Be3 Be7 8. Qd2
O-O 9. Bd3 b6 10. O-O f5 11. h3 cxd4 12. Nxd4 Nxd4 13. Bxd4 Nc5 14. Qe3 Bd7 15.
Rf2 Be8 16. g4 Nxd3 17. cxd3 g5 18. Raf1 Bg6 19. fxg5 Bxg5 20. Qe2 Bh6 21. gxf5
Rxf5 22. Rxf5
1/2-1/2

[Event "Nordic Chess Championship 2019"]
[Site "Quality Sarpsborg Hotel"]
[Date "2019.06.25"]
[Round "7"]
[White "Dingertz, Filip"]
[Black "Nizar, Siako"]
[Result "0-1"]
[WhiteElo "1111"]
[BlackElo "1209"]
[PlyCount "38"]
[EventDate "2019.??.??"]

1. e4 c5 2. Nf3 Nc6 3. c3 e5 4. d4 cxd4 5. cxd4 exd4 6. Nxd4 Bc5 7. Be3 Qf6 8.
Nxc6 Bxe3 9. fxe3 bxc6 10. Nc3 Rb8 11. Rb1 d6 12. Be2 h5 13. Bxh5 Qh4+ 14. g3
Qxh5 15. Qxd6 Rb6 16. Rd1 Qg5 17. Qc7 Ba6 18. Qd7+ Kf8 19. Qc7 Qxe3+
0-1

[Event "Nordic Chess Championship 2019"]
[Site "Quality Sarpsborg Hotel"]
[Date "2019.06.26"]
[Round "8"]
[White "Hammer, Jon Ludvig"]
[Black "Tryggestad, Andreas G"]
[Result "1-0"]
[WhiteElo "2645"]
[BlackElo "2324"]
[PlyCount "89"]
[EventDate "2019.??.??"]

1. e4 c5 2. Nf3 e6 3. d4 cxd4 4. Nxd4 Nc6 5. Nc3 Qc7 6. g3 a6 7. Bg2 Nf6 8. O-O
Be7 9. Re1 O-O 10. Nxc6 dxc6 11. e5 Rd8 12. Qf3 Nd5 13. h4 b6 14. Bg5 Bxg5 15.
hxg5 Nxc3 16. Qxc6 Qxc6 17. Bxc6 Rb8 18. bxc3 Bb7 19. Bxb7 Rxb7 20. Rad1 Rc8
21. Re3 h6 22. gxh6 gxh6 23. Kf1 Rbc7 24. Rdd3 Rc4 25. Ke2 Ra4 26. Kd2 b5 27.
Rd7 Rxa2 28. Re4 Rc4 29. Rxc4 bxc4 30. Rc7 Ra4 31. g4 Kg7 32. f4 Kg6 33. Rc6 h5
34. f5+ Kg5 35. fxe6 fxe6 36. gxh5 Kf5 37. Kc1 Kxe5 38. Kb2 Kf6 39. Rc5 Kg7 40.
Rg5+ Kh6 41. Re5 a5 42. Rc5 Kg7 43. Rb5 Kf6 44. Rc5 e5 45. Rc6+ 
1-0

[Event "Nordic Chess Championship 2019"]
[Site "Quality Sarpsborg Hotel"]
[Date "2019.06.26"]
[Round "8"]
[White "Urkedal, Frode Olav Olsen"]
[Black "Westerberg, Jonathan"]
[Result "1-0"]
[WhiteElo "2525"]
[BlackElo "2545"]
[PlyCount "135"]
[EventDate "2019.??.??"]

1. d4 d5 2. c4 e6 3. Nc3 a6 4. cxd5 exd5 5. Nf3 h6 6. Qb3 Nf6 7. e4 Nxe4 8.
Qxd5 Qxd5 9. Nxd5 Bd6 10. Bd3 Bf5 11. Ne5 Bh7 12. Bxh6 Nf6 13. Bxh7 Nxd5 14.
Be4 Rxh6 15. Bxd5 Bxe5 16. dxe5 c6 17. Bb3 Nd7 18. O-O-O Nc5 19. Bc2 Ke7 20.
Rd4 Ne6 21. Rg4 Rd8 22. h4 Rd4 23. Bf5 Rxg4 24. Bxg4 Nf4 25. Bc8 Nd3+ 26. Kc2
Nxf2 27. Rf1 Ne4 28. b4 Rxh4 29. Bxb7 Ng3 30. Rb1 Ke6 31. Bxa6 Kxe5 32. a4 Nf5
33. a5 Ne3+ 34. Kb3 Kd6 35. Rc1 Nf5 36. Ka4 Kc7 37. Bb5 Ne7 38. Kb3 f5 39. Be2
Kb8 40. Bf3 Rh6 41. Re1 Nc8 42. Re8 g5 43. Rf8 g4 44. Be2 Kc7 45. Rxf5 Nd6 46.
Rg5 Re6 47. Rg7+ Kb8 48. Bxg4 Re3+ 49. Kc2 Nb5 50. Bd7 Nd4+ 51. Kd2 Rb3 52. g4
Nf3+ 53. Ke2 Ne5 54. Re7 Nxg4 55. Re8+ Kc7 56. Bxg4 Rxb4 57. a6 Ra4 58. Bc8 Ra3
59. Bb7 Kb6 60. Kd2 Ra2+ 61. Kc3 Ra1 62. Kb2 Ra5 63. Re3 Ka7 64. Rc3 Rb5+ 65.
Ka3 Ra5+ 66. Kb4 Rb5+ 67. Ka4 Rb6 68. Rb3 
1-0

[Event "Nordic Chess Championship 2019"]
[Site "Quality Sarpsborg Hotel"]
[Date "2019.06.26"]
[Round "8"]
[White "Chatalbashev, Boris"]
[Black "Cederstam Barsk, Carl"]
[Result "1-0"]
[WhiteElo "2527"]
[BlackElo "2334"]
[PlyCount "69"]
[EventDate "2019.??.??"]

1. d4 d5 2. c4 e6 3. Nc3 Nf6 4. cxd5 exd5 5. Bg5 c6 6. e3 Be7 7. Bd3 Nbd7 8.
Qc2 h6 9. Bh4 Nh5 10. Bxe7 Qxe7 11. Nge2 Nb6 12. O-O O-O 13. Rae1 Bd7 14. Nc1
Rae8 15. Nb3 Qg5 16. Nc5 Bc8 17. b4 a6 18. a4 Nc4 19. Bxc4 dxc4 20. a5 f5 21.
f4 Qh4 22. g3 Qe7 23. N3a4 Be6 24. e4 Bf7 25. e5 Bd5 26. Nb6 g5 27. Qe2 Qf7 28.
fxg5 f4 29. Qg4 hxg5 30. e6 Qg6 31. Nxd5 cxd5 32. Re5 fxg3 33. Rxg5 Rxf1+ 34.
Kxf1 Rf8+ 35. Ke1 
1-0

[Event "Nordic Chess Championship 2019"]
[Site "Quality Sarpsborg Hotel"]
[Date "2019.06.26"]
[Round "8"]
[White "Getz, Nicolai"]
[Black "Notkevich, Benjamin Arvola"]
[Result "0-1"]
[WhiteElo "2380"]
[BlackElo "2485"]
[PlyCount "58"]
[EventDate "2019.??.??"]

1. Nf3 c5 2. b3 d6 3. e3 Nf6 4. d4 cxd4 5. exd4 e6 6. Bd3 Be7 7. O-O O-O 8. c4
b6 9. Bb2 Bb7 10. Nbd2 Nbd7 11. a4 d5 12. Qe2 Bb4 13. Ne5 Rc8 14. Ndf3 Nxe5 15.
Nxe5 Qe7 16. Rfc1 Rfd8 17. Rc2 h6 18. Rd1 Qe8 19. Ra1 Nd7 20. c5 Nxe5 21. Qxe5
bxc5 22. dxc5 d4 23. Bb5 Bc6 24. Bxd4 f6 25. Qe3 Bxb5 26. axb5 e5 27. Bb2 Qxb5
28. Qc1 Rxc5 29. Rxa7 Qd3 
0-1

[Event "Nordic Chess Championship 2019"]
[Site "Quality Sarpsborg Hotel"]
[Date "2019.06.26"]
[Round "8"]
[White "Holm, Kristian Stuvik"]
[Black "Gretarsson, Helgi Ass"]
[Result "1-0"]
[WhiteElo "2474"]
[BlackElo "2433"]
[PlyCount "75"]
[EventDate "2019.??.??"]

1. d4 g6 2. e4 Bg7 3. c4 d6 4. Nc3 c5 5. d5 Bxc3+ 6. bxc3 f5 7. exf5 Bxf5 8.
Ne2 Qa5 9. Ng3 Nf6 10. Nxf5 gxf5 11. Qc2 Nbd7 12. Bd3 b5 13. cxb5 c4 14. Bxf5
Qxb5 15. O-O Qxd5 16. Bf4 Rg8 17. Bg3 Rg5 18. Bxh7 Nxh7 19. Qxh7 Nf6 20. Qc2
Kf7 21. Rad1 Qc6 22. Rd4 Rag8 23. Qe2 Rc5 24. f3 e5 25. Rh4 Qa6 26. Bf2 Ra5 27.
Ra1 Ra4 28. h3 Qc6 29. Rd1 Rg6 30. Kh1 Kg7 31. Qc2 Ra5 32. Qe2 Ra4 33. Qb2 Kf7
34. Qb8 Ke6 35. Rd2 Rg8 36. Qb1 Ra5 37. Rh6 e4 38. Bd4 
1-0

[Event "Nordic Chess Championship 2019"]
[Site "Quality Sarpsborg Hotel"]
[Date "2019.06.26"]
[Round "8"]
[White "Wahlund, Max"]
[Black "Øgaard, Leif"]
[Result "1/2-1/2"]
[WhiteElo "2103"]
[BlackElo "2385"]
[PlyCount "79"]
[EventDate "2019.??.??"]

1. d4 Nf6 2. c4 e6 3. g3 d5 4. Bg2 Be7 5. Nf3 O-O 6. O-O c5 7. b3 dxc4 8. bxc4
Nc6 9. Bb2 Qb6 10. Qb3 Rd8 11. dxc5 Bxc5 12. Nc3 Na5 13. Qc2 Bd7 14. Ne5 Be8
15. Ne4 Bd4 16. Rab1 Bxb2 17. Qxb2 Qxb2 18. Rxb2 Nxe4 19. Bxe4 f6 20. Nd3 Nxc4
21. Rb4 Nd2 22. Bxb7 Nxf1 23. Bxa8 Nxg3 24. hxg3 Rxa8 25. Rb7 e5 26. f3 Bc6 27.
Rc7 Bb5 28. Kf2 a6 29. a3 Rd8 30. Ke3 h5 31. Nc5 Rd6 32. Ne4 Rd1 33. Nc3 Ra1
34. Nxb5 axb5 35. Ra7 g5 36. Ke4 h4 37. Kf5 hxg3 38. Kxf6 g2 39. Ra8+ Kh7 40.
Ra7+ 
1/2-1/2